000
00325nam a2200109Ia 4500
008
200302s9999 xx 000 0 und d
100
_a
Sue Roaf & Others
245
_a
Adapting Buildings and Cities for Climate Cange A21st Centurey Survival Guide
260
_b
Architectural World Co., Ltd.
260
_c
2005
300
_a
363 P.,
999
_c
5750
_d
5750